000 00521cam a2200205ua 4500
001 10702
005 20260515114643.0
008 190327n ii |||gr||||Z||||||eng
020 _a9789383252770
040 _cMAIN
082 _a333.7
100 _aAbhijita Buragohain,
_eAuthor.
245 _aA text book on environmental economics
250 _a1st ed.
260 _aGuwahati:
_bEBH publishers,
_c2016.
300 _a128p.
653 _aEconomics ofland & energy
700 _aNiranjan Das,
_eAuthor.
942 _cBK
999 _c9663
_d9663